| 000 | 00514nam a2200181Ia 4500 | ||
|---|---|---|---|
| 999 |
_c11251 _d11251 |
||
| 003 | OSt | ||
| 005 | 20191218122303.0 | ||
| 008 | 190216s9999||||xx |||||||||||||| ||und|| | ||
| 020 | _a9789350978283 | ||
| 040 | _coclc | ||
| 082 |
_a337 _bMIT/I |
||
| 100 |
_aMithani, D M _9552 |
||
| 245 | 0 |
_aInternational Economics / _cD M Mithani |
|
| 260 |
_bHimalaya Publishing House, _c2012. _aDelhi: |
||
| 300 | _a584p | ||
| 650 | _aInternational Economics | ||
| 942 |
_cBK _2ddc _h337 _iMIT/I _k337 _mMIT/I |
||